00540nam a2200169Ia 4500008004100000020001800041041000800059082001600067100001500083245006800098250000600166260003300172300001200205650000900217999001900226952012500245210716s2009 xx 000 0 und d a9788174466976 aeng a519.54 APTD aApte, D P. aStatistical tools for managers: using ms excel.bUsing ms excel a1 aNew DelhibExcel Booksc2009 avii,688 aNone c204934d204934 001040708MBAaAIMITbAIMITd2010-02-15g375.00l0o519.54 APTDpMBA07500r2026-05-23 00:00:00v281.25w2021-07-16yBK